India in the great dipression : (Record no. 124239)

MARC details
000 -LEADER
fixed length control field 00768nam a22002417a 4500
005 - DATE AND TIME OF LATEST TRANSACTION
control field 20170124105936.0
010 ## - LIBRARY OF CONGRESS CONTROL NUMBER
LC control number A-558410
020 ## - INTERNATIONAL STANDARD BOOK NUMBER
Terms of availability 00.00
International Standard Book Number 8185425760
035 ## - SYSTEM CONTROL NUMBER
System control number A-558410
037 ## - SOURCE OF ACQUISITION
Source of stock number/acquisition Cen Lib/Ret
040 ## - CATALOGING SOURCE
Original cataloging agency DPL
Language of cataloging EN
082 ## - DEWEY DECIMAL CLASSIFICATION NUMBER
Classification number 330.954
Item number ROT
100 ## - MAIN ENTRY--PERSONAL NAME
Personal name Rothermund, Dietmar
9 (RLIN) 9918
245 ## - TITLE STATEMENT
Title India in the great dipression :
Statement of responsibility, etc by Dietmar Rothermund
Remainder of title 1929-1939 /
246 ## - VARYING FORM OF TITLE
Remainder of title
260 ## - PUBLICATION, DISTRIBUTION, ETC. (IMPRINT)
Name of publisher, distributor, etc Manohar Publications
Place of publication, distribution, etc New Delhi
Date of publication, distribution, etc 1992
270 ## - ADDRESS
City New Delhi
Address 2/6, ansari road
Postal code 110002
300 ## - PHYSICAL DESCRIPTION
Extent xii, 292p.
Dimensions 21cm(Hb)
500 ## - GENERAL NOTE
General note Includes bibliographical references and index
650 ## - SUBJECT ADDED ENTRY--TOPICAL TERM
Topical term or geographic name as entry element Macro economics complacy
Geographic subdivision
9 (RLIN) 9919
650 ## - SUBJECT ADDED ENTRY--TOPICAL TERM
Topical term or geographic name as entry element Great dipression
Chronological subdivision 1929-1939
9 (RLIN) 9920
942 ## - ADDED ENTRY ELEMENTS (KOHA)
Source of classification or shelving scheme Dewey Decimal Classification
Koha item type English Books
Classification part 330.954
Call number suffix ROT
Holdings
Withdrawn status Lost status Damaged status Not for loan Home library Current library Date acquired Source of acquisition Cost, normal purchase price Total Checkouts Total Renewals Full call number Barcode Date last seen Date checked out Copy number Cost, replacement price Price effective from Koha item type
        Central Library Central Library 15/06/2015 Cen Lib/Ret 0.00 1 2 330.954 ROT A-558410 03/11/2023 26/09/2023 1 0.00 15/06/2015 English Books

© Delhi Public Library
Hit Counter
free hit counter